[Event "USA-ch Seniors (Women)"]
[Site "Berkeley"]
[Date "2023.11.05"]
[Round "4"]
[White "Cabrera, Varinia F"]
[Black "Root, Alexey"]
[Result "1-0"]
[WhiteElo "1707"]
[BlackElo "1949"]
[PlyCount "67"]
[EventDate "2023.11.03"]
[EventType "swiss"]
[EventRounds "5"]
[EventCountry "USA"]
[SourceTitle "Mega2024 Update 01"]
[Source "Chessbase"]
[SourceDate "2023.11.12"]
[SourceVersion "1"]
[SourceVersionDate "2023.11.12"]
[SourceQuality "1"]

1. e4 g6 2. d4 d6 3. c4 Bg7 4. Nc3 Nf6 5. Bd3 0-0 6. Nge2 Nc6 7. f4 e5 8. d5 Ne7 9. h3 c6 10. fxe5 dxe5 11. Be3 cxd5 12. cxd5 Ne8 13. Qb3 Nd6 14. 0-0 f5 15. Nb5 a6 16. Nxd6 Qxd6 17. Rac1 Kh8 18. Bc5 Qf6 19. d6 Nc6 20. d7 Bxd7 21. Bxf8 Bxf8 22. Qxb7 Ra7 23. Qb6 Qd8 24. Qxd8 Nxd8 25. exf5 g5 26. Ng3 h6 27. f6 Rb7 28. b3 a5 29. Ba6 Ra7 30. Bc8 Bb5 31. Rfd1 Nf7 32. Be6 a4 33. Rc8 Kg8 34. Rdd8 1-0